[Event "Montcalm VII 2003-04"]
[Site "Quebec CAN"]
[Date "2004.05.13"]
[Round "3"]
[White "Berube, Antoine"]
[Black "Caire, Francois"]
[Result "0-1"]
[WhiteElo "1985"]
[BlackElo "2075"]
[PlyCount "108"]
[GameId "2160767911158437"]
[EventDate "2004.04.29"]
[EventType "swiss"]
[EventRounds "5"]
[EventCountry "CAN"]
[SourceTitle "EXT 2005"]
[Source "ChessBase"]
[SourceDate "2004.11.15"]
[SourceVersion "1"]
[SourceVersionDate "2004.11.15"]
[SourceQuality "1"]

1. e4 c5 2. Nf3 Nc6 3. d4 cxd4 4. Nxd4 Nf6 5. Nc3 e5 6. Ndb5 d6 7. Bg5 a6 8. Na3 b5 9. Nd5 Be7 10. Bxf6 Bxf6 11. c3 Ne7 12. Nc2 Nxd5 13. Qxd5 Rb8 14. Rd1 Bb7 15. Qxd6 Qxd6 16. Rxd6 Ke7 17. Rd1 Bxe4 18. Nb4 Rb6 19. f3 Bb7 20. Kf2 Rd8 21. Rxd8 Kxd8 22. Be2 Kd7 23. Nd3 Kc7 24. Rd1 e4 25. Nc5 exf3 26. Rd7+ Kc6 27. Rxb7 Rxb7 28. Nxb7 fxe2 29. Na5+ Kd5 30. Kxe2 Be5 31. h3 Ke4 32. Nc6 Bd6 33. Na5 Kf4 34. Nb7 Bc7 35. Nc5 a5 36. Nb3 Bb6 37. Nd2 f5 38. b3 Kg3 39. Kf1 g5 40. a4 bxa4 41. bxa4 g4 42. hxg4 fxg4 43. Ne4+ Kf4 44. Nf6 Kf5 45. Nd5 Bc5 46. Ke2 h5 47. Nc7 h4 48. Na6 Ba7 49. c4 Ke4 50. c5 Kd5 51. Ke3 Bxc5+ 52. Kf4 h3 53. gxh3 gxh3 54. Kg3 Bd6+ 0-1

[Event "Montcalm VII 2003-04"]
[Site "Quebec CAN"]
[Date "2004.05.13"]
[Round "3"]
[White "Pelletier, Daniel"]
[Black "Bourassa, Andre"]
[Result "0-1"]
[WhiteElo "1162"]
[BlackElo "1666"]
[PlyCount "60"]
[GameId "2160767911158438"]
[EventDate "2004.04.29"]
[EventType "swiss"]
[EventRounds "5"]
[EventCountry "CAN"]

1. e4 c5 2. Nf3 d6 3. d4 cxd4 4. Nxd4 Nf6 5. Nc3 a6 6. Be2 b5 7. Bf3 e5 8. Nb3 Bb7 9. O-O b4 10. Nd5 Nxd5 11. exd5 Be7 12. Re1 O-O 13. c4 bxc3 14. bxc3 Qc7 15. Qc2 f5 16. c4 e4 17. Bd1 Rc8 18. Nd2 Bxd5 19. Be2 Bf7 20. Bb2 d5 21. Rac1 Bc5 22. Qb3 d4 23. Qh3 g6 24. g4 d3 25. Bd1 Qf4 26. Nf3 fxg4 27. Qg3 Qxg3+ 28. hxg3 gxf3 29. Rxe4 h5 30. Bb3 Nc6 0-1

[Event "Montcalm VII 2003-04"]
[Site "Quebec CAN"]
[Date "2004.05.13"]
[Round "3"]
[White "Sauve, Richard"]
[Black "Caron, Sebastien"]
[Result "1-0"]
[WhiteElo "1924"]
[BlackElo "1742"]
[PlyCount "75"]
[GameId "2160767911158439"]
[EventDate "2004.04.29"]
[EventType "swiss"]
[EventRounds "5"]
[EventCountry "CAN"]

1. d4 Nf6 2. c4 d6 3. Nc3 g6 4. e4 Bg7 5. f3 O-O 6. Be3 e5 7. d5 Nbd7 8. Qd2 Ne8 9. O-O-O f5 10. exf5 gxf5 11. Bd3 Nc5 12. Bc2 a5 13. Nge2 Qh4 14. f4 e4 15. h3 Qe7 16. Rhg1 Nf6 17. Bd4 Bd7 18. Qe3 a4 19. g4 a3 20. b4 Na4 21. Nxa4 Bxa4 22. gxf5 Kh8 23. Nc3 Bxc2 24. Kxc2 Nh5 25. Rg5 Nf6 26. Rdg1 Rg8 27. Nxe4 Raf8 28. Nxf6 Qxe3 29. Bxe3 Bxf6 30. Rxg8+ Rxg8 31. Rxg8+ Kxg8 32. Bc1 Bb2 33. Bxb2 axb2 34. Kxb2 Kf7 35. a4 Kf6 36. a5 Kxf5 37. b5 Kxf4 38. a6 1-0

[Event "Montcalm VII 2003-04"]
[Site "Quebec CAN"]
[Date "2004.05.20"]
[Round "4"]
[White "Berube, Antoine"]
[Black "Auger, Bertrand"]
[Result "1-0"]
[WhiteElo "1985"]
[BlackElo "2007"]
[PlyCount "33"]
[GameId "2160767911158440"]
[EventDate "2004.04.29"]
[EventType "swiss"]
[EventRounds "5"]
[EventCountry "CAN"]
[SourceTitle "EXT 2005"]
[Source "ChessBase"]
[SourceDate "2004.11.15"]
[SourceVersion "1"]
[SourceVersionDate "2004.11.15"]
[SourceQuality "1"]

1. d4 Nf6 2. c4 b6 3. Nc3 Bb7 4. d5 e6 5. e4 exd5 6. cxd5 Bb4 7. Bd3 Qe7 8. Qe2 O-O 9. Bg5 d6 10. Nf3 Nbd7 11. O-O Ne5 12. Nxe5 Qxe5 13. f4 Qd4+ 14. Kh1 a6 15. Bxf6 Qxf6 16. e5 Qe7 17. Qe4 1-0

[Event "Montcalm VII 2003-04"]
[Site "Quebec CAN"]
[Date "2004.05.20"]
[Round "4"]
[White "Caire, Francois"]
[Black "Audet-Bouchard, Nicolas"]
[Result "1-0"]
[WhiteElo "2075"]
[BlackElo "2110"]
[PlyCount "81"]
[GameId "2160767911158441"]
[EventDate "2004.04.29"]
[EventType "swiss"]
[EventRounds "5"]
[EventCountry "CAN"]
[SourceTitle "EXT 2005"]
[Source "ChessBase"]
[SourceDate "2004.11.15"]
[SourceVersion "1"]
[SourceVersionDate "2004.11.15"]
[SourceQuality "1"]

1. d4 d5 2. Nf3 Bg4 3. Ne5 Bh5 4. Qd3 Qc8 5. c4 dxc4 6. Qxc4 Nd7 7. Nd3 Ngf6 8. Nc3 Nb6 9. Qb3 e6 10. g3 Nbd5 11. Bg2 Be7 12. Nxd5 exd5 13. Nf4 c6 14. Nxh5 Nxh5 15. O-O O-O 16. Qf3 Nf6 17. Bf4 Ne4 18. Qe3 g5 19. Bxe4 gxf4 20. Bxh7+ Kxh7 21. Qxe7 Qg4 22. Qf6 fxg3 23. fxg3 Qg6 24. Qh4+ Kg7 25. Rf4 Rh8 26. Qg4 Rae8 27. Raf1 Re7 28. Qf3 Kf8 29. Rf2 Rh7 30. Rf5 Re4 31. Qa3+ Re7 32. Qxa7 Rxe2 33. Rxe2 Qxf5 34. Qxb7 Qb1+ 35. Kg2 Rh6 36. Qe7+ Kg7 37. Rf2 Qg6 38. Qe5+ Kf8 39. Qf5 Qg7 40. Qc8+ Ke7 41. Qc7+ 1-0

[Event "Montcalm VII 2003-04"]
[Site "Quebec CAN"]
[Date "2004.05.27"]
[Round "5"]
[White "May, Oliver"]
[Black "Bourassa, Andre"]
[Result "1-0"]
[WhiteElo "1639"]
[BlackElo "1666"]
[PlyCount "57"]
[GameId "2160767911158442"]
[EventDate "2004.04.29"]
[EventType "swiss"]
[EventRounds "5"]
[EventCountry "CAN"]

1. e4 c5 2. Nf3 d6 3. g3 Nc6 4. Bb5 Bd7 5. O-O a6 6. Be2 Nd4 7. Nxd4 cxd4 8. c3 Nf6 9. Bf3 Bc6 10. Re1 Qb6 11. e5 Bxf3 12. Qxf3 dxe5 13. Rxe5 dxc3 14. bxc3 e6 15. Na3 Qc7 16. Re2 Bd6 17. Rb1 Rb8 18. Nc2 O-O 19. Ne3 Rfd8 20. h4 Be5 21. Ba3 Rd3 22. g4 Bxc3 23. dxc3 Qxc3 24. Bb2 Qb4 25. Rd1 Rxd1+ 26. Nxd1 Nxg4 27. Re4 Qe7 28. Rxg4 f6 29. Bxf6 1-0

[Event "Montcalm VII 2003-04"]
[Site "Quebec CAN"]
[Date "2004.05.27"]
[Round "5"]
[White "Perreault, Jacquelin"]
[Black "Berube, Antoine"]
[Result "0-1"]
[WhiteElo "1745"]
[BlackElo "1985"]
[PlyCount "58"]
[GameId "2160767911158443"]
[EventDate "2004.04.29"]
[EventType "swiss"]
[EventRounds "5"]
[EventCountry "CAN"]
[SourceTitle "EXT 2005"]
[Source "ChessBase"]
[SourceDate "2004.11.15"]
[SourceVersion "1"]
[SourceVersionDate "2004.11.15"]
[SourceQuality "1"]

1. e4 c5 2. Nf3 d6 3. d4 cxd4 4. Nxd4 Nf6 5. Nc3 a6 6. Bc4 e6 7. Bb3 b5 8. O-O Be7 9. Qf3 Qb6 10. Be3 Qb7 11. Qg3 O-O 12. Bh6 Ne8 13. Rfe1 Nd7 14. Nxe6 fxe6 15. Bxe6+ Kh8 16. Bd5 Qb8 17. Bxa8 Qxa8 18. Nd5 Bf6 19. Nxf6 Ndxf6 20. Bd2 Nxe4 21. Rxe4 Qxe4 22. Re1 Qxc2 23. Bc3 Qg6 24. Qh4 Nf6 25. Qf4 Qf5 26. Qxd6 Ne4 27. Bxg7+ Kxg7 28. Qe7+ Rf7 29. Qxe4 Qxf2+ 0-1

[Event "Montcalm VII 2003-04"]
[Site "Quebec CAN"]
[Date "2004.05.27"]
[Round "5"]
[White "Poliquin, Yvone"]
[Black "Sauve, Richard"]
[Result "0-1"]
[WhiteElo "1840"]
[BlackElo "1924"]
[PlyCount "56"]
[GameId "2160767911166636"]
[EventDate "2004.04.29"]
[EventType "swiss"]
[EventRounds "5"]
[EventCountry "CAN"]
[SourceTitle "EXT 2005"]
[Source "ChessBase"]
[SourceDate "2004.11.15"]
[SourceVersion "1"]
[SourceVersionDate "2004.11.15"]
[SourceQuality "1"]

1. e4 e6 2. d4 d5 3. e5 c5 4. Nf3 cxd4 5. Bd3 Nc6 6. O-O Nge7 7. Bf4 Nf5 8. Nbd2 Be7 9. Bxf5 exf5 10. Nb3 Be6 11. Nfxd4 O-O 12. Nxc6 bxc6 13. Be3 Qc7 14. Qd4 Rfb8 15. Qd2 a5 16. c3 c5 17. Rac1 a4 18. Na1 Rb7 19. f4 Rab8 20. Rf2 f6 21. exf6 Bxf6 22. Qe2 Qc6 23. Rc2 Re8 24. Qd2 Bf7 25. b4 cxb4 26. cxb4 Qe6 27. Re2 Bxa1 28. Bf2 Qxe2 0-1

[Event "Montcalm op"]
[Site "Quebec CAN"]
[Date "2004.01.09"]
[Round "1"]
[White "Champetier, Serge"]
[Black "Bourassa, Andre"]
[Result "1/2-1/2"]
[WhiteElo "1975"]
[BlackElo "1703"]
[PlyCount "94"]
[GameId "2160767911208866"]
[EventDate "2004.01.09"]
[EventType "swiss"]
[EventRounds "5"]
[EventCountry "CAN"]

1. d4 d5 2. Bg5 Bf5 3. e3 h6 4. Bh4 Nd7 5. Nd2 Ngf6 6. c4 e6 7. f3 Be7 8. Qb3 Qc8 9. Rc1 c6 10. Nh3 Bxh3 11. gxh3 dxc4 12. Bxc4 Nb6 13. Bd3 Nbd5 14. Ke2 g5 15. Bg3 Nh5 16. Nc4 Nxg3+ 17. hxg3 Qc7 18. Ne5 Bd6 19. f4 Bxe5 20. fxe5 Qb6 21. Qxb6 Nxb6 22. Rhf1 Nd7 23. b4 Rc8 24. b5 c5 25. Be4 b6 26. Bc6 Rh7 27. dxc5 bxc5 28. Rfd1 Rc7 29. a4 Ke7 30. Bxd7 Rxd7 31. a5 Rxd1 32. Kxd1 Rh8 33. Rxc5 Rd8+ 34. Ke2 Rd7 35. Kf3 f5 36. exf6+ Kxf6 37. a6 Ke7 38. Kg4 Kd6 39. Rc6+ Kd5 40. Rc8 Ke4 41. Rb8 Kxe3 42. Rb7 Rd4+ 43. Kh5 Rb4 44. Kxh6 e5 45. Kxg5 e4 46. h4 Kf2 47. b6 axb6 1/2-1/2

[Event "Montcalm op"]
[Site "Quebec CAN"]
[Date "2004.01.09"]
[Round "1"]
[White "Godbout, Mathieu"]
[Black "Audet-Bouchard, Nicolas"]
[Result "0-1"]
[WhiteElo "1825"]
[BlackElo "2185"]
[PlyCount "36"]
[GameId "2160767911208868"]
[EventDate "2004.01.09"]
[EventType "swiss"]
[EventRounds "5"]
[EventCountry "CAN"]
[SourceTitle "EXT 2006"]
[Source "ChessBase"]
[SourceDate "2005.11.24"]
[SourceVersion "1"]
[SourceVersionDate "2005.11.24"]
[SourceQuality "1"]

1. c4 Nf6 2. Nc3 c5 3. Nf3 Nc6 4. d4 cxd4 5. Nxd4 e6 6. Ndb5 d6 7. Bg5 a6 8. Na3 Be7 9. Qd2 O-O 10. e4 d5 11. exd5 exd5 12. Bxf6 Bxf6 13. Nxd5 Re8+ 14. Be2 Nd4 15. Ne3 Nxe2 16. Qxe2 Qa5+ 17. Kf1 Qb4 18. Rd1 Bf5 0-1

[Event "Montcalm op"]
[Site "Quebec CAN"]
[Date "2004.01.09"]
[Round "1"]
[White "Saint Pierre, Steve"]
[Black "Caire, Francois"]
[Result "0-1"]
[WhiteElo "1805"]
[BlackElo "2075"]
[PlyCount "46"]
[GameId "2160767911208869"]
[EventDate "2004.01.09"]
[EventType "swiss"]
[EventRounds "5"]
[EventCountry "CAN"]
[SourceTitle "EXT 2006"]
[Source "ChessBase"]
[SourceDate "2005.11.24"]
[SourceVersion "1"]
[SourceVersionDate "2005.11.24"]
[SourceQuality "1"]

1. f4 e5 2. fxe5 d6 3. exd6 Bxd6 4. Nf3 Nf6 5. d3 Ng4 6. Bg5 f6 7. Bh4 Ne3 8. Qd2 Bf4 9. Qc3 Nc6 10. Bf2 Bg4 11. Nbd2 Qe7 12. Nc4 Bxf3 13. gxf3 Nd4 14. Nxe3 Bxe3 15. Bg3 O-O-O 16. Kd1 Rhe8 17. Qc4 f5 18. c3 Nc6 19. Kc2 f4 20. Bh3+ Kb8 21. Be1 Bb6 22. a4 Qxe2+ 23. Bd2 Be3 0-1

[Event "Montcalm op"]
[Site "Quebec CAN"]
[Date "2004.01.09"]
[Round "1"]
[White "Tremblay, Rejean"]
[Black "Nadeau, Sebastien"]
[Result "1-0"]
[WhiteElo "2200"]
[BlackElo "1835"]
[PlyCount "47"]
[GameId "2160767911208871"]
[EventDate "2004.01.09"]
[EventType "swiss"]
[EventRounds "5"]
[EventCountry "CAN"]
[SourceTitle "EXT 2006"]
[Source "ChessBase"]
[SourceDate "2005.11.24"]
[SourceVersion "1"]
[SourceVersionDate "2005.11.24"]
[SourceQuality "1"]

1. d4 Nf6 2. c4 g6 3. Nc3 Bg7 4. e4 d6 5. Nf3 O-O 6. Be2 e5 7. dxe5 dxe5 8. Qxd8 Rxd8 9. Bg5 c6 10. Nxe5 Re8 11. O-O-O Nxe4 12. Nxe4 Bxe5 13. f4 Bf5 14. Ng3 Bc7 15. Bf3 Be6 16. Ne4 Rc8 17. b3 Na6 18. Nd6 Bxd6 19. Rxd6 Kg7 20. Bh4 Nc7 21. Rhd1 Re8 22. g4 f6 23. Rd7+ Kg8 24. Rxc7 1-0

[Event "Montcalm op"]
[Site "Quebec CAN"]
[Date "2004.01.10"]
[Round "2"]
[White "Caire, Francois"]
[Black "L'Heureux, Clement"]
[Result "1-0"]
[WhiteElo "2075"]
[BlackElo "1949"]
[PlyCount "125"]
[GameId "2160767911208872"]
[EventDate "2004.01.09"]
[EventType "swiss"]
[EventRounds "5"]
[EventCountry "CAN"]
[SourceTitle "EXT 2006"]
[Source "ChessBase"]
[SourceDate "2005.11.24"]
[SourceVersion "1"]
[SourceVersionDate "2005.11.24"]
[SourceQuality "1"]

1. d4 Nf6 2. c4 c5 3. e3 cxd4 4. exd4 e6 5. Nf3 Bb4+ 6. Nc3 Ne4 7. Qc2 Qa5 8. Qxe4 Bxc3+ 9. Nd2 f5 10. Qe3 Bb4 11. Bd3 Nc6 12. O-O O-O 13. Nf3 Be7 14. a3 Bf6 15. b4 Qc7 16. Bd2 e5 17. Bxf5 Nxd4 18. Nxd4 exd4 19. Qd3 g6 20. Be4 d6 21. Bh6 Bg7 22. Bxg7 Qxg7 23. Rad1 Be6 24. Qxd4 Qxd4 25. Rxd4 Rac8 26. Bxb7 Rxc4 27. Rxd6 Bf7 28. Rfd1 Rc3 29. R6d3 Rxd3 30. Rxd3 Kg7 31. h3 Re8 32. Bd5 Re1+ 33. Kh2 Be8 34. Re3 Rxe3 35. fxe3 Kf6 36. Kg3 Ke5 37. Bf3 Bb5 38. Kf2 g5 39. Ke1 Be8 40. Kd2 h5 41. Kc3 h4 42. Kc4 a6 43. Kc5 Ba4 44. Kb6 Bb5 45. Bb7 Bf1 46. a4 Kd6 47. b5 axb5 48. a5 b4 49. a6 b3 50. Be4 b2 51. Bb1 Bxg2 52. e4 Ke5 53. a7 Bxe4 54. Bxe4 Kxe4 55. a8=Q+ Kf4 56. Qa2 Kg3 57. Qb3+ Kg2 58. Kc5 b1=Q 59. Qxb1 Kxh3 60. Qh1+ Kg3 61. Kd4 g4 62. Ke3 h3 63. Qg1+ 1-0

[Event "Montcalm op"]
[Site "Quebec CAN"]
[Date "2004.01.10"]
[Round "2"]
[White "Gauthier, Denis"]
[Black "Tremblay, Rejean"]
[Result "0-1"]
[WhiteElo "2015"]
[BlackElo "2200"]
[PlyCount "180"]
[GameId "2160767911208873"]
[EventDate "2004.01.09"]
[EventType "swiss"]
[EventRounds "5"]
[EventCountry "CAN"]
[SourceTitle "EXT 2006"]
[Source "ChessBase"]
[SourceDate "2005.11.24"]
[SourceVersion "1"]
[SourceVersionDate "2005.11.24"]
[SourceQuality "1"]

1. d4 Nf6 2. c4 g6 3. Nc3 Bg7 4. Nf3 O-O 5. Bf4 d6 6. h3 Nbd7 7. e3 Re8 8. Be2 c6 9. O-O Qb6 10. Qc2 e5 11. Bh2 c5 12. d5 Rf8 13. g4 Qd8 14. Bg3 Ne8 15. e4 Bh6 16. Bh4 f6 17. Bd3 Rf7 18. Ne2 Nf8 19. Kh2 Qd7 20. Nfg1 Ng7 21. a3 Ne8 22. Bg3 Bg7 23. f4 exf4 24. Nxf4 Qe7 25. Rae1 Nc7 26. Nf3 Nd7 27. b4 b6 28. Rf2 Ne5 29. Nxe5 fxe5 30. Ng2 Rxf2 31. Qxf2 Bh6 32. Rf1 Ne8 33. Bc2 Bd7 34. Rb1 cxb4 35. axb4 Rc8 36. Bd3 Rc7 37. Ne3 Bg5 38. Ng2 Nf6 39. Rf1 Bxg4 40. Nh4 Bd7 41. Nf3 Bf4 42. Bxf4 exf4 43. Qh4 Bc8 44. Qxf4 Kg7 45. e5 dxe5 46. Nxe5 Ne8 47. Qd4 Kg8 48. Rf7 Qxb4 49. Rf2 Qd6 50. Kg2 Re7 51. Ng4 Bxg4 52. hxg4 Qe5 53. Qxe5 Rxe5 54. Ra2 Re7 55. Rc2 Rc7 56. Kf3 Nd6 57. Kf4 Nb7 58. Ke5 Re7+ 59. Kd4 Kf8 60. Rf2+ Ke8 61. g5 Kd8 62. Bc2 Kc7 63. Rh2 Nc5 64. Rf2 Nd7 65. Rh2 Kd6 66. Rf2 Re5 67. Rh2 Re7 68. Rf2 Re5 69. Rh2 Rxg5 70. Rxh7 a5 71. Rg7 Rg4+ 72. Kc3 Ne5 73. Rb7 Rxc4+ 74. Kb3 Rb4+ 75. Kc3 Kxd5 76. Rg7 Rg4 77. Rb7 Rg3+ 78. Kb2 Nc4+ 79. Kc1 Rg1+ 80. Bd1 Ne3 81. Kd2 Nxd1 82. Rxb6 Nf2 83. Rb5+ Ke4 84. Rxa5 Kf4 85. Ra8 Ne4+ 86. Ke2 Rg2+ 87. Kf1 Rb2 88. Rc8 Kg3 89. Rc4 Kf3 90. Rc8 Rb1+ 0-1

[Event "Montcalm op"]
[Site "Quebec CAN"]
[Date "2004.01.10"]
[Round "2"]
[White "Sauve, Richard"]
[Black "Bourassa, Andre"]
[Result "1-0"]
[WhiteElo "1960"]
[BlackElo "1703"]
[PlyCount "120"]
[GameId "2160767911208875"]
[EventDate "2004.01.09"]
[EventType "swiss"]
[EventRounds "5"]
[EventCountry "CAN"]

1. d4 d5 2. c4 e6 3. Nc3 Nf6 4. cxd5 exd5 5. Bg5 c6 6. e3 Be7 7. Bd3 O-O 8. Nge2 Ne4 9. Bxe7 Qxe7 10. Bxe4 dxe4 11. Ng3 f5 12. O-O Be6 13. Qc2 Na6 14. a3 Nc7 15. Rfc1 Nd5 16. Nxd5 Bxd5 17. Ne2 Rad8 18. Qc5 Qxc5 19. Rxc5 Rf6 20. Ra5 a6 21. Rc1 g6 22. b4 Rfd6 23. Nc3 Kf7 24. a4 Ke8 25. g3 Kd7 26. b5 cxb5 27. axb5 Rc8 28. bxa6 bxa6 29. Ne2 Rxc1+ 30. Nxc1 Bc4 31. Kg2 Rb6 32. Ra4 Bd3 33. Ra3 Bb5 34. h3 Rc6 35. Nb3 Be2 36. Nc5+ Kc7 37. Ra2 Bf3+ 38. Kf1 Rb6 39. Nxa6+ Kd6 40. Ke1 Bg2 41. h4 Rb1+ 42. Kd2 Bf1 43. Nc5 Bb5 44. Kc3 Rc1+ 45. Kb4 Rb1+ 46. Ka5 Bc4 47. Rc2 Bd3 48. Rd2 Rb5+ 49. Ka4 Rxc5 50. dxc5+ Kxc5 51. Rb2 Kc4 52. Rb7 h5 53. Rc7+ Kd5 54. Rg7 Kc4 55. Rxg6 Be2 56. Rf6 Bg4 57. Rd6 Kc3 58. Kb5 Be2+ 59. Kc5 Bg4 60. Rd5 Kc2 1-0

[Event "Montcalm op"]
[Site "Quebec CAN"]
[Date "2004.01.10"]
[Round "3"]
[White "Bourassa, Andre"]
[Black "Arteau, Benoit"]
[Result "1/2-1/2"]
[WhiteElo "1703"]
[BlackElo "1718"]
[PlyCount "50"]
[GameId "2160767911208876"]
[EventDate "2004.01.09"]
[EventType "swiss"]
[EventRounds "5"]
[EventCountry "CAN"]

1. d4 Nf6 2. c4 e6 3. Nc3 Bb4 4. Bd2 Nc6 5. Nf3 O-O 6. Qc2 d5 7. e3 Re8 8. Bd3 e5 9. dxe5 Nxe5 10. Nxe5 Rxe5 11. cxd5 h6 12. O-O-O Bxc3 13. Bxc3 Rxd5 14. Bxf6 gxf6 15. Bh7+ Kg7 16. Rxd5 Qxd5 17. Be4 Qxa2 18. Rd1 Bg4 19. f3 Be6 20. Qc3 Qa1+ 21. Bb1 Ba2 22. Qc2 Re8 23. Qh7+ Kf8 24. Qxh6+ Ke7 25. Qh7 Kf8 1/2-1/2

[Event "Montcalm op"]
[Site "Quebec CAN"]
[Date "2004.01.10"]
[Round "3"]
[White "Drolet, Stephane"]
[Black "Champetier, Serge"]
[Result "1/2-1/2"]
[WhiteElo "2122"]
[BlackElo "1975"]
[PlyCount "49"]
[GameId "2160767911208877"]
[EventDate "2004.01.09"]
[EventType "swiss"]
[EventRounds "5"]
[EventCountry "CAN"]
[SourceTitle "EXT 2006"]
[Source "ChessBase"]
[SourceDate "2005.11.24"]
[SourceVersion "1"]
[SourceVersionDate "2005.11.24"]
[SourceQuality "1"]

1. c4 e5 2. Nf3 Nc6 3. Nc3 Bb4 4. Nd5 Bc5 5. d3 Nge7 6. g3 d6 7. Bg2 O-O 8. O-O Nxd5 9. cxd5 Ne7 10. d4 exd4 11. Nxd4 Nf5 12. Nb3 Bb6 13. e4 Ne7 14. Bd2 f5 15. exf5 Bxf5 16. Bc3 Qd7 17. Nd4 Rae8 18. Qd2 Ng6 19. f4 Be4 20. Rae1 Qf5 21. Rf2 Qxd5 22. Rfe2 Bxg2 23. Rxe8 Bh3 24. R8e2 Bd7 25. h4 1/2-1/2

[Event "Montcalm op"]
[Site "Quebec CAN"]
[Date "2004.01.11"]
[Round "4"]
[White "Audet-Bouchard, Nicolas"]
[Black "Pageau, Roger"]
[Result "1-0"]
[WhiteElo "2185"]
[BlackElo "1995"]
[PlyCount "129"]
[GameId "2160767911208879"]
[EventDate "2004.01.09"]
[EventType "swiss"]
[EventRounds "5"]
[EventCountry "CAN"]

1. e4 d6 2. d4 g6 3. Nc3 Bg7 4. Be3 Nf6 5. f3 c6 6. Qd2 h6 7. O-O-O Be6 8. Kb1 Qa5 9. g4 Na6 10. h4 Nc7 11. Nge2 O-O-O 12. Nc1 Nfe8 13. Nb3 Bxb3 14. cxb3 Kb8 15. h5 g5 16. a3 b5 17. b4 Qb6 18. d5 Qb7 19. dxc6 Qxc6 20. Rc1 Qb7 21. Qf2 Be5 22. Ne2 Rd7 23. Nd4 Bxd4 24. Bxd4 e5 25. Be3 Ne6 26. Bd3 Rc7 27. Bc2 Nf4 28. Rhd1 f6 29. Qd2 Rhh7 30. Bb3 Rxc1+ 31. Rxc1 Rc7 32. Rxc7 Kxc7 33. Bf7 Ng7 34. Qc3+ Kd7 35. Qb3 Ke7 36. Bg8 Kf8 37. Bxf4 gxf4 38. Bh7 Qf7 39. Qc3 Qc4 40. Qxc4 bxc4 41. Bf5 Ke7 42. Kc2 d5 43. exd5 Nxf5 44. gxf5 Kd6 45. a4 Kxd5 46. Kd2 e4 47. fxe4+ Kxe4 48. Ke2 f3+ 49. Kf2 Kd3 50. b5 Ke4 51. a5 Kd5 52. Kxf3 Kc5 53. Ke4 Kxb5 54. Kd5 a6 55. Ke6 Kb4 56. Kd6 Kb5 57. Kd5 Kb4 58. Kc6 Ka4 59. Kb6 Kb3 60. Kc5 Ka4 61. Kxc4 Kxa5 62. Kd5 Kb4 63. Ke6 Kb3 64. Kxf6 Kxb2 65. Kg6 1-0

[Event "Montcalm op"]
[Site "Quebec CAN"]
[Date "2004.01.11"]
[Round "4"]
[White "Auger, Bertrand"]
[Black "Lanzilotta Mernies, Marcelo"]
[Result "1-0"]
[WhiteElo "2098"]
[BlackElo "1853"]
[PlyCount "65"]
[GameId "2160767911208880"]
[EventDate "2004.01.09"]
[EventType "swiss"]
[EventRounds "5"]
[EventCountry "CAN"]

1. Nf3 c5 2. c4 Nc6 3. Nc3 g6 4. g3 Bg7 5. Bg2 f5 6. O-O Nf6 7. d4 cxd4 8. Nxd4 O-O 9. Nf3 h6 10. e4 d6 11. exf5 gxf5 12. Nh4 Ne5 13. Qe2 e6 14. c5 Nf7 15. cxd6 Qxd6 16. Ng6 Re8 17. Rd1 Qb6 18. Be3 Qa5 19. a3 Kh7 20. b4 Qc7 21. Nb5 Qb8 22. Nh4 Ng4 23. Rac1 Nxe3 24. Qxe3 Re7 25. Nxf5 Rd7 26. Nxg7 Rxd1+ 27. Rxd1 Kxg7 28. f4 a6 29. Qc3+ Kg8 30. Nc7 Qa7+ 31. Kf1 Rb8 32. Ne8 b5 33. Qg7# 1-0

[Event "Montcalm op"]
[Site "Quebec CAN"]
[Date "2004.01.11"]
[Round "4"]
[White "Bourassa, Andre"]
[Black "Berube, Antoine"]
[Result "0-1"]
[WhiteElo "1703"]
[BlackElo "1819"]
[PlyCount "79"]
[GameId "2160767911208881"]
[EventDate "2004.01.09"]
[EventType "swiss"]
[EventRounds "5"]
[EventCountry "CAN"]

1. d4 d5 2. c4 c6 3. Nc3 Nf6 4. cxd5 cxd5 5. Bg5 Nc6 6. e3 Qa5 7. Bxf6 exf6 8. Bb5 Bb4 9. Bxc6+ bxc6 10. Nge2 Ba6 11. Qc2 O-O 12. O-O Bxc3 13. bxc3 Rab8 14. Rfc1 Qa3 15. Ng3 Rb2 16. Qd1 Rfb8 17. h3 Bc4 18. Qg4 Rxa2 19. Nh5 g6 20. Nxf6+ Kg7 21. Nh5+ Kf8 22. Qf4 Rbb2 23. Rxa2 Bxa2 24. Qc7 Qe7 25. Qc8+ Qe8 26. Qxe8+ Kxe8 27. Nf6+ Ke7 28. Nxh7 a5 29. Kf1 f6 30. h4 Rb1 31. Rxb1 Bxb1 32. Ke1 g5 33. Nxg5 fxg5 34. hxg5 Ke6 35. Kd2 Kf5 36. Kc1 Bd3 37. f4 Kg4 38. Kb2 Kg3 39. Ka3 Kxg2 40. Ka4 0-1

[Event "Montcalm op"]
[Site "Quebec CAN"]
[Date "2004.01.11"]
[Round "4"]
[White "Caire, Francois"]
[Black "Angers, Gilles"]
[Result "1/2-1/2"]
[WhiteElo "2075"]
[BlackElo "1975"]
[PlyCount "51"]
[GameId "2160767911208882"]
[EventDate "2004.01.09"]
[EventType "swiss"]
[EventRounds "5"]
[EventCountry "CAN"]
[SourceTitle "EXT 2006"]
[Source "ChessBase"]
[SourceDate "2005.11.24"]
[SourceVersion "1"]
[SourceVersionDate "2005.11.24"]
[SourceQuality "1"]

1. d4 Nf6 2. Nf3 c5 3. d5 b5 4. c4 d6 5. cxb5 a6 6. bxa6 Bxa6 7. Nc3 g6 8. g3 Bg7 9. Bg2 Nbd7 10. O-O Nb6 11. Re1 Nfd7 12. Bf4 Nc4 13. Qc2 Qa5 14. Rac1 O-O 15. b3 Nce5 16. Nxe5 Nxe5 17. Bd2 c4 18. Na4 cxb3 19. axb3 Qb5 20. Bc3 Rfc8 21. Qb2 Bh6 22. f4 Nc4 23. bxc4 Qxa4 24. Qd2 Rxc4 25. e3 Bg7 26. Bxg7 1/2-1/2

[Event "Montcalm op"]
[Site "Quebec CAN"]
[Date "2004.01.11"]
[Round "4"]
[White "Sauve, Richard"]
[Black "Drolet, Stephane"]
[Result "1/2-1/2"]
[WhiteElo "1950"]
[BlackElo "2122"]
[PlyCount "144"]
[GameId "2160767911208884"]
[EventDate "2004.01.09"]
[EventType "swiss"]
[EventRounds "5"]
[EventCountry "CAN"]

1. d4 d5 2. c4 c6 3. Nc3 Nf6 4. e3 a6 5. a4 Bg4 6. f3 Be6 7. cxd5 cxd5 8. Nge2 Nc6 9. Nf4 Bc8 10. Be2 e6 11. O-O Bd6 12. Nd3 O-O 13. f4 Bd7 14. Bd2 Qb6 15. Be1 Na5 16. Ne5 Nb3 17. a5 Nxa5 18. Nxd5 exd5 19. Nxd7 Nxd7 20. Rxa5 Nf6 21. b3 Rfe8 22. Qd3 Rac8 23. Bf3 Bb4 24. Bxb4 Qxb4 25. Ra4 Qc3 26. Qxc3 Rxc3 27. b4 Rexe3 28. b5 Ra3 29. Rxa3 Rxa3 30. Rc1 g6 31. Rc8+ Kg7 32. Rb8 axb5 33. Rxb7 Rb3 34. Kf2 b4 35. Rb5 Ne4+ 36. Bxe4 dxe4 37. Rb6 f5 38. d5 Rd3 39. Rxb4 Rxd5 40. Rb7+ Kh6 41. h3 Rd2+ 42. Kg3 Rd6 43. Re7 g5 44. fxg5+ Kxg5 45. Rxh7 Rd3+ 46. Kf2 Rd2+ 47. Ke3 Rd3+ 48. Kf2 f4 49. Rg7+ Kf6 50. Rg8 Rd2+ 51. Ke1 Rc2 52. Kf1 Ke5 53. Rd8 Rc1+ 54. Ke2 Rc2+ 55. Kf1 e3 56. Re8+ Kd6 57. Re4 Rf2+ 58. Kg1 Kd5 59. Ra4 Ke5 60. Rb4 Rd2 61. Kf1 Kf5 62. Ra4 Kg5 63. Ra8 Kh4 64. Rg8 Rf2+ 65. Kg1 Kh5 66. Rg4 f3 67. gxf3 Rxf3 68. Kg2 Rf2+ 69. Kg1 Rb2 70. Re4 Re2 71. Kf1 Rf2+ 72. Ke1 Rf3 1/2-1/2